| 000 | 00779nam a22002537a 4500 | ||
|---|---|---|---|
| 999 |
_c16447 _d16447 |
||
| 003 | AR-CdUCM | ||
| 008 | 190503b ||||| |||| 00| 0 spa d | ||
| 040 |
_aMUNICIPALIDAD PROVINCIAL DEL CUSCO _cBIBLIOTECA MUNICIPAL DEL CUSCO |
||
| 041 | _hfr. | ||
| 082 |
_a349.1 / _bV79 |
||
| 100 |
_aVilley, Michel _935896 |
||
| 245 | _aEl derecho romano / | ||
| 260 |
_aBuenos Aires: _bEUDEBA, _c1945. |
||
| 300 |
_a63 paginas ; _c25 cm. |
||
| 440 |
_a90 cuadernos de EUDEBA _935897 |
||
| 505 | _aContenido :Derecho / | ||
| 650 |
_aDerecho _9739 |
||
| 650 |
_aJurisprudencia _9927 |
||
| 650 |
_aDerecho romano _94293 |
||
| 700 |
_aMartha Lafitte de Juncal (traductor) _935898 |
||
| 700 |
_aJulio Angel Juncal (traductor) _935899 |
||
| 942 |
_2ddc _cLIBROS |
||
| 945 |
_arjall _d2019-05-03 |
||